000
00287nam a22001097a 4500
999
_c
4187
_d
4187
008
250123b ||||| |||| 00| 0 eng d
020
_a
9780448479071
082
_a
937
100
_a
JIM O'CONNOR
_e
O'CONNOR,JIM
245
_a
WHAT WAS POMPEII?
942
_2
ddc
_h
937 OCO